| 000 | 00851nam a2200265 a 4500 | ||
|---|---|---|---|
| 008 | |||
| 020 | _a8170003067 (pbk.) | ||
| 049 | _aMAIN | ||
| 090 | _aZ665LIB | ||
| 245 | 1 | 0 |
_aLibrary, information science and society : _b(Essays in the memory of late Dr. A. Tejomurty) / _cedited by Surendra Singh, Sonal Singh |
| 246 | _aEssays in the memory of late Dr. A. Tejomurty. | ||
| 260 |
_aNew Delhi : _bEss Ess Pub., _c2002 |
||
| 300 |
_a381 p. : _bill. ; _c21 cm. |
||
| 504 | _aIncludes bibliographical references. | ||
| 650 | _aLibrary science. | ||
| 650 | _aInformation science. | ||
| 700 | _aSingh, Sonal. | ||
| 700 | _aSingh, Surendra. | ||
| 700 | _aTejomurty, A. | ||
| 907 |
_a.b10108087 _b11-09-14 _c27-01-04 |
||
| 003 | |||
| 005 | 20230123133610.0 | ||
| 040 | _cNUST | ||
| 942 |
_cBOOKS _kZ665LIB |
||
| 999 |
_c151382 _d151382 |
||